000 01054nam a2200277 i 4500
003 EG-ScBUE
005 20230212063721.0
008 220731s2018 ua f 000 0 ara d
017 _a2018 / 7554
020 _a9789776507487
040 _aEG-ScBUE
_bara
_erda
_cEG-ScBUE
_dEG-ScBUE
082 0 4 _222
_a892.73609
_bع ب د
100 1 _aعبد الله، يسري،
_eمؤلف.
245 1 0 _aجماليات الرواية العربية :
_bأبنية السرد ورؤية العالم /
_cد. يسري عبد الله.
250 _aالطبعة الأولى.
264 1 _aالجيزة، مصر :
_bدار بدائل للطبع والنشر والتوزيع،
_c2018.
300 _a240 صفحة ؛
_c24 سم
336 _2rdacontent
_aنص
_btxt
337 _2rdamedia
_aبدون وسيط
_bn
338 _2rdacarrier
_aمجلد
_bnc
541 _aBook Fair 2023.
650 7 _2BUEsh
_a‪القصص العربية
_x‪تاريخ ونقد
_y‪العصر الحديث.
653 _bARALIT
_cFebruary2023
655 _vReading book
942 _2ddc
999 _c30129
_d30100